000 00580nam a2200169 a 4500
008 120416s1990 ||||||||||||||||| || u
020 _a0443037833
050 _aRA 651 Bak
100 _aBaker, D. J. P
245 1 0 _aEpidemiology in medical practice. (4th ed.)
250 _a4th ed.
260 _aLondon:
_bChurchill Livingstone
_c1990
350 _a0.00
650 0 _aEPIDEMICS
650 _aEPIDEMIOLOGY
995 _D0.00
_FCBU-MAIN LIBRARY (Kitwe)
_H1
_I9.95
_M1
_UAVAILABLE
_WApr 10, 2007
_ZAnnex Low-Usage Collection
999 _c42300
_d42300